[Event "ch-Commonwealth"]
[Site "Mumbai IND"]
[Date "2004.01.11"]
[Round "2"]
[White "Yash,A"]
[Black "Sareen,V"]
[Result "0-1"]
[WhiteElo "2091"]
[BlackElo "2371"]
[EventDate "2004.01.10"]

1. e4 c5 2. Nf3 d6 3. d4 cxd4 4. Nxd4 Nf6 5. Nc3 a6 6. Be2 e6 7. Be3 Be7 8.
f4 Nc6 9. Nb3 O-O 10. Bf3 Qc7 11. Na4 Na7 12. Nc3 b5 13. a4 b4 14. Ne2 Nc6
15. Qd3 e5 16. a5 Nd7 17. f5 Bb7 18. Qc4 Rac8 19. c3 Qb8 20. Qd3 Nc5 21.
Nxc5 dxc5 22. O-O c4 23. Qb1 Rfd8 24. Rd1 Rxd1+ 25. Qxd1 Rd8 26. Qe1 Rd3
27. Nc1 Rd7 28. Qe2 bxc3 29. bxc3 Bd8 30. Qxc4 Nxa5 31. Qb4 Qc7 32. Be2 h6
33. Rb1 Qc6 34. Bd3 Kh7 35. Kf2 Qf6 36. g3 Qc6 37. Ke2 Qc8 38. Nb3 Nxb3 39.
Rxb3 a5 40. Qa4 Bc6 0-1

[Event "ch-Commonwealth"]
[Site "Mumbai IND"]
[Date "2004.01.11"]
[Round "2"]
[White "Himanshu,K"]
[Black "Satyapragyan,S"]
[Result "0-1"]
[WhiteElo "2076"]
[BlackElo "2369"]
[EventDate "2004.01.10"]

1. d4 Nf6 2. c4 e6 3. Nc3 Bb4 4. f3 Nc6 5. e4 e5 6. Nge2 exd4 7. Nxd4 d6 8.
Be3 Bxc3+ 9. bxc3 Ne5 10. Be2 O-O 11. O-O Nfd7 12. f4 Ng6 13. g3 Re8 14.
Bf3 Nf6 15. Qc2 Qe7 16. Rae1 Bh3 17. Nf5 Qe6 18. Nd4 Qxc4 19. Rf2 Bg4 20.
Bg2 Bd7 21. Bc1 Qa4 22. Qb2 c5 23. Nc2 Bc6 24. Rfe2 Nxe4 25. f5 Nf8 26. Bf4
d5 27. Na3 b5 28. Nb1 Qa5 29. Qc2 Rad8 30. h3 Nd7 31. a4 Ndf6 32. g4 bxa4
33. g5 Nh5 34. Bh2 c4 35. Bf3 Qc5+ 36. Kg2 g6 37. h4 Ng7 38. fxg6 hxg6 39.
Nd2 Nf5 40. Nxe4 dxe4 41. Bxe4 Rxe4 0-1

[Event "ch-Commonwealth"]
[Site "Mumbai IND"]
[Date "2004.01.11"]
[Round "2"]
[White "Palit,S"]
[Black "Udeshi,A"]
[Result "1/2-1/2"]
[WhiteElo "2348"]
[BlackElo "1952"]
[EventDate "2004.01.10"]

1. e4 d5 2. exd5 Qxd5 3. Nc3 Qa5 4. d4 Nf6 5. Nf3 c6 6. Ne5 Be6 7. Nc4 Bxc4
8. Bxc4 e6 9. O-O Bd6 10. h3 Nbd7 11. Qe2 O-O 12. a3 Rfe8 13. Ne4 Nxe4 14.
Qxe4 Nf6 15. Qf3 Rad8 16. Rb1 e5 17. b4 Qc7 18. Bg5 e4 19. Qb3 Qe7 20. Rbe1
h6 21. Bc1 b5 22. Be2 Bb8 23. c4 Rxd4 24. cxb5 cxb5 25. Bb2 Qd6 26. g3 Rd5
27. Bxf6 gxf6 28. Rd1 Ree5 29. Qe3 f5 30. Rxd5 Rxd5 31. Rc1 Qe6 32. Qc3 Be5
33. Qc2 Bd4 34. Qc7 Qb6 35. Qc8+ Kg7 36. Rc7 Bxf2+ 37. Kg2 Qe3 38. Rxf7+
Kxf7 39. Bh5+ Kf6 40. Qh8+ Ke6 41. Qe8+ Kd6 42. Qd8+ Ke5 43. Qh8+ Ke6 44.
Qe8+ Kd6 45. Qd8+ Ke5 46. Qh8+ Ke6 47. Qe8+ Kd6 48. Qd8+ 1/2-1/2

[Event "ch-Commonwealth"]
[Site "Mumbai IND"]
[Date "2004.01.11"]
[Round "2"]
[White "Prathamesh,S"]
[Black "Ravi,TeS"]
[Result "1-0"]
[WhiteElo "2343"]
[BlackElo "2069"]
[EventDate "2004.01.10"]

1. e4 e6 2. d4 d5 3. e5 c5 4. c3 Nc6 5. Nf3 Qb6 6. a3 Nh6 7. b4 cxd4 8.
cxd4 Nf5 9. Be3 Nxe3 10. fxe3 g6 11. Bd3 Bh6 12. Qe2 Bd7 13. Nc3 Ne7 14.
O-O Nf5 15. g4 Bxe3+ 16. Kh1 Bxd4 17. Nb5 a6 18. Nbxd4 Nxd4 19. Qf2 O-O 20.
Qxd4 Qxd4 21. Nxd4 Rac8 22. Rac1 Kg7 23. Nb3 Bc6 24. Na5 Bb5 25. Bxb5 axb5
26. Nxb7 Rc4 27. Nd6 Rxg4 28. Rc7 Rh4 29. Nxb5 Rh3 30. Nd6 Rxa3 31. Rb1 Re3
32. b5 d4 33. b6 d3 34. Nc4 Re2 35. b7 Rc2 36. Rd1 Rb8 37. Rxd3 Rxc4 38.
Rxc4 Rxb7 39. Rdc3 Rb1+ 40. Rc1 Rb5 41. Rc5 Rb4 42. Rc7 Re4 43. Rf1 Rxe5
44. Rfxf7+ Kh6 45. Rxh7+ 1-0

[Event "ch-Commonwealth"]
[Site "Mumbai IND"]
[Date "2004.01.11"]
[Round "2"]
[White "Mosenya,N"]
[Black "Ravi,Th"]
[Result "0-1"]
[WhiteElo "2034"]
[BlackElo "2353"]
[EventDate "2004.01.10"]

1. e4 e5 2. Nf3 Nc6 3. Bb5 a6 4. Bxc6 dxc6 5. O-O f6 6. d4 exd4 7. Nxd4 c5
8. Nb3 Qxd1 9. Rxd1 Bg4 10. f3 Bd7 11. Bf4 O-O-O 12. Nc3 Be6 13. Nd5 Bxd5
14. Rxd5 Rxd5 15. exd5 Ne7 16. c4 Ng6 17. Bg3 Bd6 18. Bxd6 cxd6 19. Re1 Kd7
20. Nd2 b5 21. b3 Ne5 22. Re3 f5 23. f4 Ng4 24. Re6 Re8 25. Rxe8 Kxe8 26.
Nf1 b4 27. h3 Nf6 28. Ne3 g6 29. g4 fxg4 30. Nxg4 Nh5 31. f5 gxf5 32. Nh6
Nf4 33. Nxf5 Kd7 34. h4 Ne2+ 35. Kg2 Nc3 36. Ne3 Nxa2 37. Nf1 Ke7 38. Kf3
Nc3 39. Nd2 a5 40. Kg4 Kf6 41. h5 a4 42. bxa4 Nxa4 43. Nb3 Nc3 44. Kf4 Ne2+
45. Ke3 Ng3 46. Kd3 Nxh5 47. Nd2 Ng3 48. Nf3 Kf5 49. Nd2 Kf4 50. Nb3 Nf5
51. Kc2 h5 52. Kd3 h4 53. Nc1 h3 54. Ne2+ Kg4 0-1

[Event "ch-Commonwealth"]
[Site "Mumbai IND"]
[Date "2004.01.11"]
[Round "2"]
[White "Dzhumaev,M"]
[Black "Coleman,J"]
[Result "1-0"]
[WhiteElo "2498"]
[BlackElo "2193"]
[EventDate "2004.01.10"]

1. e4 e5 2. Nf3 Nc6 3. Nc3 Nf6 4. g3 d5 5. exd5 Nd4 6. Bg2 Bg4 7. O-O Nd7
8. h3 Nxf3+ 9. Bxf3 Bxh3 10. Re1 Bd6 11. Be4 Nf6 12. d4 O-O 13. dxe5 Bxe5
14. Bxh7+ Kxh7 15. Rxe5 Kg8 16. Bf4 Qd7 17. Qd3 Rfe8 18. Rae1 Ng4 19. Rxe8+
Rxe8 20. Rxe8+ Qxe8 21. Qe4 Qd7 22. f3 Nf6 23. Qe5 Bf5 24. Qxc7 Qxc7 25.
Bxc7 Bxc2 26. Kf2 Kf8 27. Ke3 Ke7 28. Be5 Ne8 29. Bb8 a6 30. Kd4 Nd6 31.
Bxd6+ Kxd6 32. Ne4+ Kd7 33. Kc5 Bd1 34. f4 f6 35. Kb6 Bf3 36. Nc3 Kc8 37.
a4 g5 38. fxg5 fxg5 39. a5 Kb8 40. b4 Kc8 41. Kc5 Kc7 42. Na4 Bg4 43. Nb6
Bh3 44. Nc4 1-0

[Event "ch-Commonwealth"]
[Site "Mumbai IND"]
[Date "2004.01.11"]
[Round "2"]
[White "Siti,Z"]
[Black "Ravi,L"]
[Result "0-1"]
[WhiteElo "2162"]
[BlackElo "2462"]
[EventDate "2004.01.10"]

1. e4 c5 2. Nc3 Nc6 3. f4 g6 4. Nf3 Bg7 5. Bb5 Nd4 6. O-O Nxb5 7. Nxb5 d6
8. d3 Nf6 9. a4 O-O 10. Qe1 Bg4 11. Bd2 Qd7 12. Nc3 Ne8 13. Qh4 f5 14. exf5
gxf5 15. Rae1 Nf6 16. Ng5 Bh5 17. Nd5 Nxd5 18. Qxh5 Bd4+ 19. Kh1 Nf6 20.
Qh6 Bxb2 21. Re6 Rf7 22. Rb1 Bd4 23. h3 Rg7 24. Qh4 c4 25. Rbe1 cxd3 26.
cxd3 Rc8 27. Nf3 Bb2 28. Qf2 Ne4 29. dxe4 Qxe6 30. Ng5 Qd7 31. Qxa7 h6 32.
Nf3 fxe4 33. Rxe4 Rc2 34. Qb6 Qc6 35. Qd8+ Kh7 36. Re2 Qc4 37. Rf2 Bc1 38.
Qe8 Rf7 39. Qd7 Bxd2 40. Nxd2 Rxd2 0-1

[Event "ch-Commonwealth"]
[Site "Mumbai IND"]
[Date "2004.01.11"]
[Round "2"]
[White "Deepan,C"]
[Black "Avari,V"]
[Result "1-0"]
[WhiteElo "2388"]
[BlackElo "2112"]
[EventDate "2004.01.10"]

1. e4 c6 2. d4 d5 3. exd5 cxd5 4. c4 e6 5. Nc3 Nf6 6. Nf3 Be7 7. Bd3 O-O 8.
O-O Nc6 9. a3 dxc4 10. Bxc4 a6 11. Re1 b5 12. Ba2 Bb7 13. Be3 Qd6 14. Qe2
Rac8 15. Rad1 b4 16. Na4 Nb8 17. Nc5 Ba8 18. axb4 Ng4 19. Ne5 Nxe5 20. dxe5
Qxe5 21. Qg4 Bf6 22. Nxe6 h5 23. Qh3 Rfe8 24. Bd4 Qb5 25. Bxf6 gxf6 26.
Qg3+ 1-0

[Event "ch-Commonwealth"]
[Site "Mumbai IND"]
[Date "2004.01.11"]
[Round "2"]
[White "Rajadharshini,M"]
[Black "Konguvel,P"]
[Result "0-1"]
[WhiteElo "2037"]
[BlackElo "2366"]
[EventDate "2004.01.10"]

1. e4 c5 2. Nc3 Nc6 3. g3 g6 4. Bg2 Bg7 5. d3 d6 6. Nh3 Nf6 7. O-O O-O 8.
f3 d5 9. Kh1 h6 10. Rb1 e5 11. exd5 Nxd5 12. Nxd5 Qxd5 13. Be3 Be6 14. a3
b6 15. f4 Qd7 16. Nf2 Rad8 17. fxe5 Nxe5 18. b4 Bd5 19. Ne4 c4 20. Bf4 cxd3
21. cxd3 Qb7 22. Bxe5 Bxe5 23. Qe2 f5 24. Nd2 Bxg2+ 25. Qxg2 Qxg2+ 26. Kxg2
Rxd3 27. Nf3 Bf6 28. a4 Re8 29. Rbc1 Bc3 30. a5 Bxb4 31. axb6 axb6 32. Rc6
Re2+ 33. Rf2 Rxf2+ 34. Kxf2 Bc5+ 35. Kg2 Rd6 36. Rc8+ Kg7 37. Ne5 Kf6 38.
Nc4 Re6 39. Kf3 0-1

[Event "ch-Commonwealth"]
[Site "Mumbai IND"]
[Date "2004.01.11"]
[Round "2"]
[White "Girinath,P"]
[Black "Mudongo,B"]
[Result "1-0"]
[WhiteElo "2368"]
[BlackElo "2010"]
[EventDate "2004.01.10"]

1. e4 c5 2. Nf3 d6 3. d4 cxd4 4. Qxd4 e5 5. Qd3 Nf6 6. c4 Be7 7. Nc3 Nbd7
8. Be2 Nc5 9. Qc2 Bd7 10. Be3 Ne6 11. h3 a6 12. O-O Qc7 13. Rac1 Rc8 14.
Qd2 Qa5 15. a3 O-O 16. Nd5 Qd8 17. Nxf6+ Bxf6 18. Qxd6 Bc6 19. Qd3 Qxd3 20.
Bxd3 Rfd8 21. Bb1 h6 22. b4 Re8 23. Rfe1 Red8 24. Bb6 Rd6 25. c5 Rd7 26.
Rcd1 Rxd1 27. Rxd1 Nf8 28. Ba5 Nd7 29. Ba2 Nf8 30. Bd5 Ng6 31. Bxc6 1-0

[Event "ch-Commonwealth"]
[Site "Mumbai IND"]
[Date "2004.01.11"]
[Round "2"]
[White "Singh,G"]
[Black "Vijayaraghavan,T"]
[Result "1-0"]
[WhiteElo "2360"]
[BlackElo "2027"]
[EventDate "2004.01.10"]

1. e4 e6 2. b3 d5 3. Bb2 dxe4 4. Nc3 Nf6 5. Qe2 Be7 6. Nxe4 Nxe4 7. Qxe4
Bf6 8. d4 Qd5 9. Qe3 c5 10. Nf3 Nc6 11. O-O-O cxd4 12. Nxd4 Qc5 13. Kb1
Nxd4 14. Bxd4 Bxd4 15. Rxd4 Bd7 16. Bd3 Qb6 17. Qe5 f6 18. Qh5+ g6 19.
Bxg6+ Ke7 20. Rhd1 Bc6 21. Be4 e5 22. Rd6 Qc7 23. Bxc6 bxc6 24. R6d3 Rag8
25. Qf5 1-0

[Event "ch-Commonwealth"]
[Site "Mumbai IND"]
[Date "2004.01.11"]
[Round "2"]
[White "Prasanna,Ra"]
[Black "Poobesh Anand,S"]
[Result "0-1"]
[WhiteElo "2025"]
[BlackElo "2360"]
[EventDate "2004.01.10"]

1. d4 Nf6 2. Nf3 e6 3. e3 b6 4. Bd3 Bb7 5. O-O d5 6. Nbd2 Bd6 7. Re1 c5 8.
c3 O-O 9. Qe2 Nbd7 10. e4 e5 11. dxe5 Nxe5 12. Nxe5 Bxe5 13. exd5 Re8 14.
Ne4 Nxe4 15. Bxe4 f5 16. c4 fxe4 17. Kh1 b5 18. cxb5 Qxd5 19. Be3 Qd3 20.
Qxd3 exd3 21. Rab1 Bd4 22. b3 Bxe3 23. fxe3 Rad8 24. Rbd1 Re4 25. Kg1 c4
26. bxc4 Rxc4 0-1

[Event "ch-Commonwealth"]
[Site "Mumbai IND"]
[Date "2004.01.11"]
[Round "2"]
[White "Buckley,D"]
[Black "Anjanaa,N"]
[Result "1/2-1/2"]
[WhiteElo "2203"]
[BlackElo "1987"]
[EventDate "2004.01.10"]

1. e4 c6 2. d4 d5 3. exd5 cxd5 4. c4 Nf6 5. Nc3 e6 6. Nf3 Bb4 7. Bd3 Nc6 8.
O-O dxc4 9. Bxc4 O-O 10. Bg5 Be7 11. a3 a6 12. b4 b5 13. Bb3 Bb7 14. Rc1
Rc8 15. Qd3 Re8 16. Rfd1 Nd7 17. Bf4 Nf8 18. d5 exd5 19. Nxd5 Ne6 20. Be3
Nb8 21. Rxc8 Qxc8 22. Ne5 Bxd5 23. Bxd5 Bf6 24. Ng4 Bg5 25. Bxg5 Nxg5 26.
Ne3 Ne6 27. g3 Nf8 28. Nf5 Qd7 29. Qf3 Ne6 30. Bb3 Qc6 31. Qg4 g6 32. Ne3
Nd7 33. Bd5 Qc7 34. Bxe6 Rxe6 35. Nd5 Qc6 36. Qd4 Nf8 37. Nf4 Re4 38. Qd5
Qc2 39. Qd3 Qxd3 40. Rxd3 Ne6 41. Nd5 Rd4 42. Rxd4 Nxd4 43. Nc7 Nc2 1/2-1/2

[Event "ch-Commonwealth"]
[Site "Mumbai IND"]
[Date "2004.01.11"]
[Round "2"]
[White "Tilak,S"]
[Black "Hegde,R"]
[Result "1/2-1/2"]
[WhiteElo "2310"]
[BlackElo "2344"]
[EventDate "2004.01.10"]

1. e4 g6 2. d4 c6 3. Nc3 d5 4. h3 Bg7 5. Nf3 Nh6 6. Bd3 O-O 7. O-O f6 8.
Ne2 Nf7 9. c4 dxe4 10. Bxe4 Na6 11. Ng3 f5 12. Bc2 c5 13. dxc5 e5 14. Qxd8
Rxd8 15. Ng5 Nxc5 16. Nxf7 Kxf7 17. Bg5 Re8 18. Rad1 Ne6 19. Bc1 Nd4 20.
Ba4 Re7 21. f4 Bd7 22. Bxd7 Rxd7 23. b3 Rad8 24. Bb2 h5 25. Rfe1 1/2-1/2

[Event "ch-Commonwealth"]
[Site "Mumbai IND"]
[Date "2004.01.11"]
[Round "2"]
[White "Singh,Ri"]
[Black "Deshmukh,A"]
[Result "1/2-1/2"]
[WhiteElo "2285"]
[BlackElo "2340"]
[EventDate "2004.01.10"]

1. c4 e5 2. Nc3 Nf6 3. Nf3 d6 4. g3 Be7 5. Bg2 O-O 6. d4 Nbd7 7. O-O c6 8.
e4 Qc7 9. b3 a6 10. Bb2 b5 11. dxe5 dxe5 12. cxb5 axb5 13. Qc2 Ne8 14. Rfc1
Ra7 15. a4 b4 16. Nd1 f6 17. Ne1 Nc5 18. Nd3 Nxd3 19. Qxd3 Be6 20. Ne3 Nd6
21. Qc2 Rc8 22. Bf1 Bf8 23. Nc4 Nb7 24. Rd1 Raa8 25. Bc1 Bc5 26. Be3 Rd8
27. Rxd8+ Rxd8 28. Bxc5 Nxc5 29. a5 Bf7 30. Rd1 Rxd1 1/2-1/2

[Event "ch-Commonwealth"]
[Site "Mumbai IND"]
[Date "2004.01.11"]
[Round "2"]
[White "Srinivasa Rao,M"]
[Black "Feldman,V"]
[Result "1/2-1/2"]
[WhiteElo "2335"]
[BlackElo "2322"]
[EventDate "2004.01.10"]

1. Nf3 Nf6 2. g3 g6 3. Bg2 Bg7 4. O-O O-O 5. c4 d5 6. cxd5 Nxd5 7. Nc3 Nb6
8. d3 Nc6 9. Be3 e5 10. Rc1 h6 11. a3 Be6 12. Na4 e4 13. Ne1 exd3 14. Nxd3
Nd5 15. Bd2 Nd4 16. Nac5 Bg4 17. f3 Bc8 18. e4 Ne7 19. Re1 b6 20. Nb3 Ba6
21. Bf1 c5 22. e5 Nec6 23. Nxd4 Nxd4 24. Bc3 Bb7 25. Bg2 Qd5 26. Nf4 Qd7
1/2-1/2

[Event "ch-Commonwealth"]
[Site "Mumbai IND"]
[Date "2004.01.11"]
[Round "2"]
[White "Meenakshi,S"]
[Black "Swathi,G"]
[Result "1-0"]
[WhiteElo "2328"]
[BlackElo "2297"]
[EventDate "2004.01.10"]

1. d4 d5 2. Nf3 c6 3. g3 Nf6 4. Bg2 Bf5 5. O-O h6 6. c3 e6 7. Qb3 Qb6 8.
Ne5 Nbd7 9. Nxd7 Nxd7 10. Nd2 Nf6 11. c4 Be7 12. c5 Qa6 13. Re1 b6 14. Qc3
O-O 15. b4 bxc5 16. bxc5 Qb7 17. f3 Rfd8 18. e4 Bg6 19. Nb3 dxe4 20. fxe4
Rd7 21. Bf4 Rad8 22. Qc4 Qc8 23. Qa4 Ne8 24. Bd2 e5 25. d5 cxd5 26. c6 Rd6
27. exd5 Rxd5 28. Bxd5 Rxd5 29. Qxa7 Bc5+ 30. Nxc5 Rxd2 31. Nb3 Rc2 32.
Rac1 Qxc6 33. Rxc2 Qxc2 34. Qf2 Qc7 35. Qc5 Qd7 36. Qxe5 Nf6 37. Qd4 Qc6
38. Nd2 Qa6 39. a4 Bc2 40. Qd8+ Kh7 41. a5 Qb5 42. Qb6 Qd5 43. Qb4 Qd3 44.
Qf4 Qd8 45. Nc4 Qa8 46. Ne3 Be4 47. Ng4 Bg6 48. Nxf6+ gxf6 49. Ra1 Qa6 50.
Qd4 Kg7 51. Qb6 Qe2 52. Rf1 Qe7 53. a6 Be4 54. Re1 f5 55. Qd4+ Kg6 56. g4
Qg5 57. Qd6+ Kh7 58. Qg3 f4 59. h4 Qf6 60. Qf2 Ba8 61. a7 1-0

[Event "ch-Commonwealth"]
[Site "Mumbai IND"]
[Date "2004.01.11"]
[Round "2"]
[White "Sai,Sr"]
[Black "Lahiri,A"]
[Result "0-1"]
[WhiteElo "2264"]
[BlackElo "2325"]
[EventDate "2004.01.10"]

1. e4 c5 2. Nf3 d6 3. d4 cxd4 4. Nxd4 Nf6 5. Nc3 g6 6. Be3 Bg7 7. f3 O-O 8.
Qd2 Nc6 9. Bc4 Bd7 10. O-O-O Qa5 11. Kb1 Rfc8 12. Bb3 Ne5 13. Nd5 Qxd2 14.
Rxd2 Nxd5 15. Bxd5 Rab8 16. Ne2 a5 17. a3 Nc4 18. Bxc4 Rxc4 19. Bd4 Bh6 20.
Rdd1 b5 21. c3 b4 22. axb4 axb4 23. cxb4 Ba4 24. Bc3 Bxd1 25. Rxd1 Kf8 26.
Kc2 Ke8 27. Kb3 Rc7 28. Nd4 Kd7 29. Nc2 e6 30. Na3 Bf8 31. Nc4 Kc6 32. Ka4
f5 33. Na5+ Kd7 34. Kb3 Rc5 35. Nc4 Rbb5 36. Ne5+ Kc7 37. Nc4 Be7 38. Na3
Rb7 39. b5 fxe4 40. fxe4 Rb8 0-1

[Event "ch-Commonwealth"]
[Site "Mumbai IND"]
[Date "2004.01.12"]
[Round "3"]
[White "Fominyh,A"]
[Black "Gupta,Ab"]
[Result "1-0"]
[WhiteElo "2559"]
[BlackElo "2392"]
[EventDate "2004.01.10"]

1. d4 d5 2. Nf3 Nf6 3. c4 c6 4. Qc2 g6 5. Bf4 Bg7 6. e3 O-O 7. Nc3 Be6 8.
cxd5 cxd5 9. Qb3 Qb6 10. Qxb6 axb6 11. Bb5 Rc8 12. Ke2 Ne4 13. Rhc1 Nxc3+
14. Rxc3 Rxc3 15. bxc3 Bd7 16. Bd3 Bf5 17. Bxf5 gxf5 18. Bxb8 Rxb8 19. Rb1
Ra8 20. Rb2 e6 21. Nd2 Ra6 22. c4 dxc4 23. Nxc4 b5 24. Rxb5 Rxa2+ 25. Kf3
Rc2 26. Nd6 Bf8 27. Nxb7 Kg7 28. g3 Kf6 29. Rb6 Kg7 30. Rb5 Kf6 31. h3 h5
32. h4 Ba3 33. Rb3 Be7 34. Rb6 Kg7 35. Rb1 Kg6 36. Na5 Ba3 37. Rb6 Kg7 38.
Nc6 Bd6 39. Ra6 Kf8 40. Kg2 Kg7 41. Na7 Bb4 42. Ra1 Rc7 43. Ra4 Bd2 44. Nb5
Rc2 45. Kf1 Rc1+ 46. Ke2 Rc2 47. Nd6 Bb4+ 48. Kd1 Rb2 49. Nc4 Rb3 50. Ra7
Rb1+ 51. Ke2 Kf8 52. Ne5 Be7 53. Nd3 Bd6 54. Ra6 Ke7 55. Ra8 Kf6 56. Rh8
Kg7 57. Rd8 Rb6 58. Ra8 Rc6 59. Kd2 Rb6 60. Ra2 Rc6 61. Ra5 Rb6 62. Kc3 Rb1
63. Ra6 Bc7 64. Ra7 Bd6 65. Rd7 Bb8 66. Nb2 Rf1 67. Rb7 Bc7 68. Nc4 Bd8 69.
f4 Rg1 70. Ne5 Rxg3 71. d5 exd5 72. Kd4 Rg1 73. Rxf7+ Kg8 74. Kxd5 Bxh4 75.
Rxf5 Bf2 76. e4 h4 77. Rh5 Bg3 78. f5 Ra1 79. Rg5+ Kh7 80. Nd7 Rd1+ 81. Ke6
Rd6+ 82. Ke7 Kh6 83. Rg8 Kh7 84. Rg4 Kh6 85. f6 Rd4 86. f7 Bd6+ 87. Kf6 Kh5
88. Rg5+ Kh6 89. Rg8 Kh5 90. Kf5 Kh6 91. Nf6 1-0

[Event "ch-Commonwealth"]
[Site "Mumbai IND"]
[Date "2004.01.12"]
[Round "3"]
[White "Conquest,S"]
[Black "Gokhale,C"]
[Result "0-1"]
[WhiteElo "2543"]
[BlackElo "2372"]
[EventDate "2004.01.10"]

1. e4 e5 2. Nf3 Nc6 3. Bb5 Bc5 4. c3 Nf6 5. d4 Bb6 6. O-O O-O 7. Bg5 h6 8.
Bh4 d6 9. Qd3 Qe7 10. Nbd2 Bd7 11. Rfe1 a6 12. Bc4 Rad8 13. a3 Nb8 14. Ba2
c6 15. Nc4 Bc7 16. Ne3 Bc8 17. Rad1 Rfe8 18. Qc2 g6 19. h3 Kg7 20. g4 Rh8
21. b4 Rde8 22. c4 Nbd7 23. Bb1 Qf8 24. Qb2 Nh7 25. c5 Ng5 26. Bxg5 hxg5
27. cxd6 Bxd6 28. Nc4 Rxh3 29. Kg2 exd4 30. Nxd6 Qxd6 31. Qxd4+ Ne5 32. Rg1
Qf6 33. Rd2 Bxg4 0-1

[Event "ch-Commonwealth"]
[Site "Mumbai IND"]
[Date "2004.01.12"]
[Round "3"]
[White "Short,N"]
[Black "Koshy,V"]
[Result "1/2-1/2"]
[WhiteElo "2702"]
[BlackElo "2374"]
[EventDate "2004.01.10"]

1. e4 c5 2. Nf3 Nc6 3. d4 cxd4 4. Nxd4 Nf6 5. Nc3 e5 6. Ndb5 d6 7. Bg5 a6
8. Na3 b5 9. Bxf6 gxf6 10. Nd5 f5 11. Bd3 Be6 12. c3 Bg7 13. Nxb5 axb5 14.
Bxb5 Rc8 15. Qa4 Bd7 16. exf5 O-O 17. O-O Kh8 18. Rad1 Rg8 19. Qe4 Qg5 20.
Ne3 Bf8 21. g3 Nb8 22. a4 Be7 23. c4 Bc6 24. Nd5 Ba8 25. Rfe1 Bd8 26. b4
Nc6 27. Bxc6 Bxc6 28. a5 Bb7 29. c5 Bxd5 30. Rxd5 dxc5 31. Rxe5 cxb4 32.
Qxb4 Bf6 33. Rc5 Rcd8 34. Re4 Qd2 35. Rc6 Qxb4 36. Rxb4 Bd4 37. a6 Kg7 38.
Kg2 Rd7 39. g4 h6 40. h4 Bf6 41. Rbb6 Bxh4 42. Rxh6 Bg5 43. Rhd6 Rc7 44.
Rb7 Rgc8 45. Rdb6 Rxb7 46. axb7 Rb8 47. Kf3 Bd8 48. Rb5 Kf6 49. Ke4 Ke7 50.
g5 Kd7 51. g6 Bc7 52. gxf7 Rf8 53. f6 Rxf7 54. Kf5 Rf8 55. Kg6 Ke6 56. f7
Bb8 57. Rb1 Bd6 58. Re1+ Kd7 59. Kg7 Be7 60. f4 Rb8 61. f5 Bf8+ 62. Kg6
Rxb7 63. Re8 Rb6+ 64. f6 Rb1 65. Rxf8 Rg1+ 66. Kf5 Rf1+ 67. Ke5 Re1+ 68.
Kd4 Rd1+ 69. Ke5 Re1+ 70. Kd4 Rd1+ 71. Ke3 Ke6 72. Ke4 1/2-1/2

[Event "ch-Commonwealth"]
[Site "Mumbai IND"]
[Date "2004.01.12"]
[Round "3"]
[White "Ravi,Th"]
[Black "Iskusnyh,S"]
[Result "1/2-1/2"]
[WhiteElo "2353"]
[BlackElo "2482"]
[EventDate "2004.01.10"]

1. e4 c5 2. c3 d5 3. exd5 Qxd5 4. d4 Nf6 5. Nf3 Bg4 6. Be2 e6 7. O-O Nc6 8.
Be3 cxd4 9. cxd4 Be7 10. h3 Bh5 11. Nc3 Qd6 12. Qb3 O-O 13. Rfd1 Rfd8 14.
Rac1 Qb4 15. Qxb4 Nxb4 16. g4 Bg6 17. Ne5 Nfd5 18. Nxd5 Nxd5 19. Bf3 Bf6
20. Nxg6 hxg6 21. Rc5 Be7 22. Rb5 Rd7 23. Bxd5 exd5 24. Rc1 Kf8 25. Kg2 Ke8
26. Rb3 f6 27. Rbc3 Bd6 28. Kf3 g5 29. Rc8+ Rd8 30. R8c3 Kd7 31. Rb3 b6 32.
Rb5 Rac8 33. Rxd5 a6 34. h4 gxh4 35. Bf4 Rc6 36. g5 fxg5 37. Rxg5 Bf8 38.
Rd5+ Ke8 39. Bg5 h3 40. Kg3 Rc2 41. Rxd8+ Kf7 42. Be3 Rxb2 43. a4 Be7 44.
Ra8 a5 45. Kxh3 Ke6 46. Kg4 Rb4 47. Rb8 Bf6 48. Rxb6+ Rxb6 49. d5+ Kxd5 50.
Bxb6 Bc3 51. f4 Kc4 52. Bc7 Kb4 53. Be5 Bxe5 54. fxe5 1/2-1/2

[Event "ch-Commonwealth"]
[Site "Mumbai IND"]
[Date "2004.01.12"]
[Round "3"]
[White "Prasad,D"]
[Black "Iuldachev,S"]
[Result "1/2-1/2"]
[WhiteElo "2395"]
[BlackElo "2559"]
[EventDate "2004.01.10"]

1. e4 e5 2. Nf3 Nc6 3. Bb5 Nf6 4. O-O Nxe4 5. d4 Nd6 6. Bxc6 dxc6 7. dxe5
Nf5 8. Qxd8+ Kxd8 9. Nc3 Ne7 10. Rd1+ Ke8 11. h3 Ng6 12. Ne2 h6 13. Nf4
Nxf4 14. Bxf4 c5 15. Rd2 Be6 16. a3 a5 17. Rad1 Be7 18. Nh2 g5 19. Be3 h5
20. Nf1 h4 21. Nh2 Kf8 22. Ng4 Kg7 23. Nf6 Bxf6 24. exf6+ Kxf6 25. Bxc5 Kg6
26. f3 Rhe8 27. Kf2 Bf5 28. Re1 Rxe1 29. Kxe1 Ra6 30. Be3 a4 31. Kf2 Ra5
32. Bd4 Rd5 33. c4 Rd6 34. Be3 Rc6 35. c5 b6 36. cxb6 cxb6 37. g4 hxg3+ 38.
Kxg3 Re6 39. Bf2 Rc6 40. h4 gxh4+ 41. Kxh4 Be6 42. Kg3 b5 43. Kf4 f6 44.
Bd4 Rc4 45. Rg2+ Kf7 46. Ke3 b4 47. axb4 Rxb4 48. Rc2 Bd5 49. Rc5 Ke6 50.
Bxf6 Rb3+ 51. Bc3 a3 52. bxa3 Rxa3 53. Kd2 1/2-1/2

[Event "ch-Commonwealth"]
[Site "Mumbai IND"]
[Date "2004.01.12"]
[Round "3"]
[White "Satyapragyan,S"]
[Black "Kunte,A"]
[Result "0-1"]
[WhiteElo "2369"]
[BlackElo "2512"]
[EventDate "2004.01.10"]

1. e4 e5 2. Nf3 Nc6 3. Bb5 Nf6 4. O-O Nxe4 5. Re1 Nd6 6. Nxe5 Nxe5 7. Rxe5+
Be7 8. Bf1 O-O 9. Nc3 Bf6 10. Re1 c6 11. Qf3 Re8 12. Rxe8+ Nxe8 13. Ne4 Be7
14. d4 d5 15. Ng3 Bf6 16. c3 g6 17. Bd3 Ng7 18. Bh6 Bd7 19. Re1 Ne6 20. Nf1
Bh8 21. Bc1 Qh4 22. Ne3 Ng5 23. Qg3 Qxg3 24. hxg3 Re8 25. f3 Bf6 26. Kf2 h5
27. Nc2 Ne6 28. Be3 Bd8 29. Kf1 Bc7 30. Bf2 Kf8 31. Ne3 Ng7 32. Re2 Re7 33.
Ke1 f5 34. Nf1 Kf7 35. Nd2 g5 36. Rxe7+ Kxe7 37. Ke2 Kf6 38. Bc2 Ne6 39. b4
Bc8 40. Nf1 Bd6 41. Ne3 Ng7 42. Bd3 Be6 43. Nf1 Bc8 44. Ne3 Bd7 45. Be1 f4
46. gxf4 Bxf4 47. c4 Bf5 48. Nxf5 Nxf5 49. Bf2 h4 50. cxd5 cxd5 51. Bc2 Nd6
52. Bb3 Ke6 53. a4 Nf5 54. Kd3 Bg3 55. Be3 Bf4 56. Bf2 Ne7 57. b5 b6 58.
Be1 Ng6 59. Bb4 Bc1 60. Kc2 Nf4 61. Kxc1 Nxg2 62. f4 h3 63. f5+ Kxf5 64.
Bxd5 Nf4 65. Bb7 Nd3+ 66. Kd2 Nxb4 67. Kc3 Na2+ 68. Kb2 g4 69. Kxa2 Kf4 70.
Bc8 h2 71. Bb7 Ke3 72. Kb3 0-1

[Event "ch-Commonwealth"]
[Site "Mumbai IND"]
[Date "2004.01.12"]
[Round "3"]
[White "Vakhidov,T"]
[Black "Sivanandan,B"]
[Result "1-0"]
[WhiteElo "2515"]
[BlackElo "2340"]
[EventDate "2004.01.10"]

1. d4 Nf6 2. c4 g6 3. Nc3 d5 4. Nf3 Bg7 5. Bf4 O-O 6. e3 c5 7. dxc5 Qa5 8.
Rc1 dxc4 9. Bxc4 Qxc5 10. Bb3 Nc6 11. O-O Qa5 12. h3 Bf5 13. Qe2 Ne4 14.
Nd5 e5 15. Bh2 Rad8 16. Rfd1 Be6 17. Qc4 Nd6 18. Qa4 Qxa4 19. Bxa4 Bxd5 20.
Rxd5 Nb4 21. Rd2 Ne4 22. Rxd8 Rxd8 23. Rc4 b5 24. Rxe4 bxa4 25. Bxe5 Rd1+
26. Kh2 Nd3 27. Bxg7 Nxf2 28. Rxa4 Kxg7 29. Rxa7 Nd3 30. b3 Ra1 31. Rd7 Nc5
32. Rc7 Nd3 33. a4 h6 34. Kg3 g5 35. Rc3 Nb4 36. e4 Rd1 37. Rc4 Na2 38. b4
Rb1 39. b5 Rb3 40. h4 Nc3 41. hxg5 hxg5 42. Kg4 f6 43. Nd4 Ra3 44. Rc7+ Kg8
45. b6 Nxe4 46. b7 Rg3+ 47. Kh5 1-0

[Event "ch-Commonwealth"]
[Site "Mumbai IND"]
[Date "2004.01.12"]
[Round "3"]
[White "Sareen,V"]
[Black "Sandipan,C"]
[Result "1-0"]
[WhiteElo "2371"]
[BlackElo "2522"]
[EventDate "2004.01.10"]

1. e4 c5 2. Nf3 e6 3. d4 cxd4 4. Nxd4 Nf6 5. Nc3 d6 6. f4 Be7 7. Bd3 Nc6 8.
Nf3 a6 9. O-O b5 10. a3 Bb7 11. Qe1 b4 12. Nd1 bxa3 13. bxa3 Nd7 14. Rb1
Qc7 15. Bb2 Bf6 16. Bxf6 Nxf6 17. Qh4 Ne7 18. e5 Ne4 19. exd6 Qc5+ 20. Kh1
Nxd6 21. Ne5 Qxa3 22. Ne3 Qc5 23. N3c4 Nxc4 24. Rxb7 Na5 25. Rbb1 h6 26.
Rbe1 Nac6 27. Nxc6 Nxc6 28. f5 e5 29. f6 g6 30. Be4 Rc8 31. Qg4 Nd8 32. Rd1
Qc7 33. Bd5 h5 34. Qg5 h4 35. h3 Rh5 36. Qg4 Qxc2 37. Be4 Qc7 38. Bxg6 fxg6
39. f7+ Kf8 40. Qb4+ 1-0